Μικροβιολογία υδάτινου περιβάλλοντος : βασικές αρχές

Αποθηκεύτηκε σε:
Λεπτομέρειες βιβλιογραφικής εγγραφής
Κύριος συγγραφέας: Μαυρίδου, Αθηνά
Άλλοι συγγραφείς: Παπαπετροπούλου, Μαρία
Μορφή: Βιβλίο
Γλώσσα:Greek
Δημοσίευση: Αθήνα : Π. Τραυλός- Ε. Κωσταράκη, c1995
Θέματα:
Ετικέτες: Προσθήκη ετικέτας
Δεν υπάρχουν, Καταχωρήστε ετικέτα πρώτοι!

MARC

LEADER 00000cam a2200000 i 4500
001 1/15004
008 980512s1995 gre d
020 |a 960-7122-32-1 
035 |l 10019643 
040 |a GR-MY-UA  |b gre  |e aacr 
041 0 |a gre 
082 0 |a 628.162  |2 (22) 
100 1 |a Μαυρίδου, Αθηνά. 
245 1 0 |a Μικροβιολογία υδάτινου περιβάλλοντος :  |b βασικές αρχές /  |c Αθηνά Μαυρίδου; Μαρία Παπαπετροπούλου 
260 |a Αθήνα :   |b Π. Τραυλός- Ε. Κωσταράκη,   |c c1995 
300 |a 222 σ.  |b εικ. 
500 |a Ανατύπωση του 2010 (αντ.186777) 
650 0 0 |a Aquatic microbiology. 
650 0 0 |a Water  |x Microbiology. 
650 0 0 |a Drinking water  |x Microbiology. 
650 0 0 |a Drinking water  |x Purification. 
700 1 |a Παπαπετροπούλου, Μαρία. 
852 |a INST  |b CHIOS  |c EUDOXUS  |e 20210607  |h 628.162 ΜΑΥ  |p 005200039721  |q 005200039721  |t EDX  |y 0 
852 |a INST  |b LESVOS  |e 19980512  |h 628.162 MAY  |p 005100014102  |q 005100014102  |t BK  |y 0 
852 |a INST  |b LESVOS  |c EUDOXUS  |e 20110602  |h 628.162 MAY  |p 005100048965  |q 005100048965  |t EDX  |y 0 
852 |a INST  |b LESVOS  |c EUDOXUS  |e 20140311  |h 628.162 MAY  |p 005100053338  |q 005100053338  |t EDX  |y 0 
852 |a INST  |b LESVOS  |c EUDOXUS  |e 20140311  |h 628.162 MAY  |p 005100053348  |q 005100053348  |t EDX  |y 0 
852 |a INST  |b LESVOS  |c EUDOXUS  |e 20140403  |h 628.162 MAY  |p 005100053944  |q 005100053944  |t EDX  |y 0 
920 |a Εύδοξος  |b Παραγγελία  |y Χίος-ΤΟΔΙΤ  |z 2021-06 
901 |a BIBL1-1998-2 
901 |a BIBL1-2011-2 
901 |a BIBL1-2014-1 
909 |a Λ  |b 055850 
909 |a Λ  |b 168007 
909 |a Λ  |b 177423 
909 |a Λ  |b 177424 
909 |a Λ  |b 186777 
920 |a ΕΥΔΟΞΟΣ  |b ΕΠΙΣΤΡΟΦΗ  |y ΛΕΣΒΟΣ  |z 2011-04 
920 |a ΕΥΔΟΞΟΣ  |b ΠΑΡΑΓΓΕΛΙΑ  |y ΛΕΣΒΟΣ-ΤΕΘ  |z 2013-12 
920 |a ΕΥΔΟΞΟΣ  |b ΕΠΙΣΤΡΟΦΗ  |y ΛΕΣΒΟΣ  |z 2014-04 
922 |a 1ΕΛΗ  |b 199804  |c ΚΠΣ/ΤΠ  |d EMVASIS 
950 |a 107-1998-04-08